| 000 | 00436cam a2200145 4500 | ||
|---|---|---|---|
| 082 |
_a940.54 _bGOE _cL-30, P-73 |
||
| 100 | 1 |
_aGoebbels, Joseph, _949037 |
|
| 245 | 1 | 4 |
_aThe Goebbels diaries, _ctr. and ed. by Louis P. Lochner. |
| 260 |
_aLondon, _bH. Hamilton _c[1948] |
||
| 300 |
_axxxvii, 458 p. _c22 cm. |
||
| 526 |
_a0 _b0 _c0 _d940_540000000000000_GOE |
||
| 650 |
_aMCE _9379 |
||
| 700 | 1 |
_aLochner, Louis Paul, _949038 |
|
| 942 |
_2ddc _cBK |
||
| 999 |
_c551871 _d551871 |
||